| 000 | 00636nam a22001937a 4500 | ||
|---|---|---|---|
| 005 | 20230519012419.0 | ||
| 008 | 221018b |||||||| |||| 00| 0 eng d | ||
| 020 | _a978-1-4462-4894-2 | ||
| 082 | _aG.S. 155.4 At868 2013 | ||
| 100 |
_aAtherton, Frances _eauthor |
||
| 245 |
_aUnderstanding schemas and young children: _bfrom birth to three _cFrances Atherton, Cathy Nutbrown |
||
| 260 |
_aLos Angeles: _bSage, _cc2013. |
||
| 300 |
_axii, 209p.: _bcol. ill. |
||
| 504 | _aIncludes bibliographies and index | ||
| 541 | _e4224 | ||
| 650 | _aChild psychology | ||
| 650 | _aSchemas (Psychology) in children | ||
| 700 |
_aNutbrown, Cathy _eauthor |
||
| 999 |
_c75 _d75 |
||